Learn Windows 95 in a Day (Record no. 254284)

MARC details
000 -LEADER
fixed length control field 00371pam a2200169a 44500
008 - FIXED-LENGTH DATA ELEMENTS--GENERAL INFORMATION
fixed length control field 230405s1996 xxu||||| |||| 00| 0 eng d
041 ## - LANGUAGE CODE
Language code of text/sound track or separate title ENG
100 ## - MAIN ENTRY--PERSONAL NAME
Personal name Scott M.Fuller
245 ## - TITLE STATEMENT
Title Learn Windows 95 in a Day
250 ## - EDITION STATEMENT
Edition statement 1
260 ## - PUBLICATION, DISTRIBUTION, ETC.
Place of publication, distribution, etc.
Name of publisher, distributor, etc. BPB
Date of publication, distribution, etc. 1996
300 ## - PHYSICAL DESCRIPTION
Extent 134P,21.5 cms
440 ## - SERIES STATEMENT/ADDED ENTRY--TITLE
Title 45
690 ## - LOCAL SUBJECT ADDED ENTRY--TOPICAL TERM (OCLC, RLIN)
Topical term or geographic name as entry element IMRDA
700 ## - ADDED ENTRY--PERSONAL NAME
Personal name Kevin D.Pagan
906 ## - LOCAL DATA ELEMENT F, LDF (RLIN)
a 1425
Holdings
Withdrawn status Lost status Damaged status Not for loan Collection Home library Current library Date acquired Total Checkouts Barcode Date last seen Price effective from Koha item type
          Institute of Management & Rural Development Administration, Sangli Institute of Management & Rural Development Administration, Sangli 08/11/1997   RDS-2204 14/04/2023 14/04/2023 Book